Classifica Pallone d'Oro 2009 - Statistics

Statistiche generali
  • Questo quiz è stato fatto 56 volte
  • Il punteggio medio è 23 su 29
Statistiche sulle risposte
Punti Nazione Squadra Calciatore % Corretto
233 Portogallo Manchester United / Real Madrid Cristiano Ronaldo
100%
473 Argentina Barcellona Lionel Messi
100%
149 Spagna Barcellona Andrés Iniesta
98%
33 Costa d'Avorio Chelsea Didier Drogba
98%
58 Brasile Milan Kakà
98%
75 Camerun Barcellona / Inter Samuel Eto' o
98%
50 Svezia Inter / Barcellona Zlatan Ibrahimović
98%
170 Spagna Barcellona Xavi
96%
35 Inghilterra Manchester United Wayne Rooney
94%
12 Bosnia Wolfsburg Edin Džeko
92%
32 Inghilterra Liverpool Steven Gerrard
92%
11 Galles Manchester United Ryan Giggs
90%
9 Francia Arsenal Thierry Henry
90%
22 Spagna Liverpool Fernando Torres
83%
5 Inghilterra Chelsea Frank Lampad
83%
8 Spagna Real Madrid Iker Casillas
83%
1 Francia Bayern Monaco Franck Ribéry
81%
7 Uruguay Atletico Madrid Diego Forlán
79%
8 Serbia Manchester United Nemanja Vidić
79%
13 Spagna Arsenal Cesc Fàbregas
77%
4 Brasile Inter Maicon
77%
2 Inghilterra Chelsea John Terry
75%
1 Costa d'Avorio Barcellona Yaya Touré
75%
5 Brasile Inter Júlio César
71%
3 Brasile Werder Brema / Juventus Diego
65%
2 Spagna Valencia David Villa
56%
5 Russia Arsenal Andrej Aršavin
44%
8 Brasile Siviglia Luis Fabiano
35%
6 Francia Bordeaux Yoann Gourcuff
27%
Nessun quiz corrispondente trovato
Distribuzione punteggi
Percentuale di utenti per punteggio
Percentile per numero di risposta
I tuoi punteggi nel tempo
Non hai fatto questo quiz